Statistiques concernant Le football de A à Z (1)

Cliquez ici pour prendre le quiz!

Statistiques générales

  • Ce quiz a été pris 508 fois
  • Le résultat moyen est 13 sur 26

Statistiques - réponses

IndiceRéponse% Correct
BRécompense décernée par le magazine français France football.Ballon d'or
96%
MC'est le mot qui désigne la période des transferts.Mercato
85%
VNom du système d'assistance vidéo pour l'arbitrage.VAR
79%
SNom donné au football au Québec et dans les pays anglo-saxons.Soccer
77%
GGeste technique qui consiste à glisser le ballon d'un côté de l'adversaire, et à le récupérer après l'avoir contourné de l'autre côté.Grand pont
76%
RDescente dans une division inférieure, le plus souvent pour la ou les dernières équipes d'une division au terme d'une saison.Relégation
75%
OMouvement en forme de vague qui parcourt un stade, notamment un stade de football.Ola
73%
WNom du stade de l'équipe nationale d'Angleterre.Wembley
73%
IJoueur formé au centre de formation du Malmö FF.Ibrahimovic
72%
UNom du redoublement de passe vers l'avant entre deux joueurs en une touche de balle et ceci très rapidement.Une-deux
69%
YAncienne équipe nationale disparu en 1992 et portant les mêmes couleurs que celle de la France.Yougoslavie
68%
TNom du style de jeu qui est principalement attribué au club catalan FC Barcelone et à l'équipe nationale espagnole.Tiki-Taka
67%
ENom du championnat des Pays-Bas de football de première division.Eredivisie
63%
ZType de défense dans laquelle chaque joueur est chargé de défendre une partie bien précise du terrain.Zone
51%
CTerme italien qui désigne un système défensif très rigoureux renforcé par un libéro.Catenaccio
47%
ADésigne un marquage très rapproché.À la culotte
45%
H
Joueur formé au centre de formation du Bryne FK.Haaland
45%
KNom de la rivalité entre le Borussia Dortmund et le Bayern Munich.Klassiker
44%
NJoueur formé au centre de formation de Schalke 04.Neuer
44%
DSe dit d'un joueur qui manque complètement sa frappe au but ou sa passe à un équipier.Dévisser
35%
LElles sont deux lignes blanches qui limitent le terrain dans sa longueur et qui mesurent au minimum 90m et au maximum 120m.Lignes de touche
17%
JNom du ballon utilisé lors de la Coupe du Monde 2010.Jabulani
15%
FTechnique de frappe brossée dans laquelle le ballon donne l'impression de flotter dans l'air et redescend brusquement en fin de trajectoire.Feuille morte
10%
XNom d'une équipe du championnat de Grèce.Xanthi
3%
PEn Espagne, désigne la haie d'honneur saluant l'équipe championne lors du match suivant le sacre.Pasillo
2%
QNom d'une équipe du championnat du Mexique.Querétaro FC
0%

Distribution des résultats

Percentile par nombre de réponses

% des personnes avec chaque résultat

Votre développement - résultats

Vous n’avez pas pris ce quiz